000 00587nam a2200181Ia 4500
008 151202s9999||||xx |||||||||||||| ||und||
082 _bPNVM-42018
100 _aरानडे एकनाथजी.
245 _aसेवा सााना.
260 _b"विवेकानंद केन्द्र ,पुणे."
260 _c1993
300 _a126
600 _aरानडे एकनाथजी.
630 _aसेवा सााना.
700 _aरानडे एकनाथजी.
730 _aसेवा सााना.
942 _cBOOK
999 _c1307970
_d1307967